00359 a2200109 4500001000900000005001700009008004100026245006300067100002600130773007600156999001700232ART_856320260410161844.0260409a 10aNuevas notas sobre consumo, inversión y demanda efectiva1 aGaregnani, Pierangelo0 tEl trimestre económicog- Vol. XLV, Nº 177 (ene./mar. 1978)wREV6933 c24378d24378